000 00483nam a2200169Ia 4500
005 20250317123924.0
008 008 250317s9999 xx 000 0 eng d
037 _aTextbook
040 _aFMSL
_beng
_cFMSL
041 _aeng
_2eng
084 _aX:8y7 Q1
_qFMSL
100 _aBennett G
_9116607
245 0 _aKnowledge traslation toolkit
260 _aNew Delhi
_bNew Delhi, Sage
_c2010
942 _cTB
_hX:8y7 Q1
999 _c1253303
_d1253303